Elements of Mercantile Law (Record no. 95698)
[ view plain ]
| 000 -LEADER | |
|---|---|
| fixed length control field | 00394nam a2200133Ia 4500 |
| 008 - FIXED-LENGTH DATA ELEMENTS--GENERAL INFORMATION | |
| fixed length control field | 211118s9999||||xx |||||||||||||| ||und|| |
| 082 ## - DEWEY DECIMAL CLASSIFICATION NUMBER | |
| Classification number | 332.742 |
| Item number | KAP-E |
| 100 ## - MAIN ENTRY--PERSONAL NAME | |
| Personal name | Kapoor, N D |
| 245 #0 - TITLE STATEMENT | |
| Title | Elements of Mercantile Law |
| 260 ## - PUBLICATION, DISTRIBUTION, ETC. | |
| Name of publisher, distributor, etc. | Sultan Chand and Sons |
| Place of publication, distribution, etc. | New Delhi |
| Date of publication, distribution, etc. | 1978 |
| 630 ## - SUBJECT ADDED ENTRY--UNIFORM TITLE | |
| General subdivision | BankingMBA LIBRARY |
| 650 ## - SUBJECT ADDED ENTRY--TOPICAL TERM | |
| Topical term or geographic name entry element | Economics |
| 942 ## - ADDED ENTRY ELEMENTS (KOHA) | |
| Koha item type | BOOK |
| 650 ## - SUBJECT ADDED ENTRY--TOPICAL TERM | |
| Form subdivision | Social SciencesFinancual ManagementManagement |
| Withdrawn status | Lost status | Damaged status | Not for loan | Home library | Current library | Date acquired | Cost, normal purchase price | Total Checkouts | Full call number | Barcode | Shelving location | Date last seen | Price effective from | Koha item type |
|---|---|---|---|---|---|---|---|---|---|---|---|---|---|---|
| SB LIBRARY | SB LIBRARY | 18/11/2021 | 170.00 | 332.742 KAP-E | 00100848 | MBA LIBRARY | 18/11/2021 | 18/11/2021 | BOOK |